Historiografia financií v jednotlivých spoločensko-ekonomických formáciách (starovek a stredovek)

Počiatky vývoja financií v počiatočných spoločensko – ekonomických formáciách najmä v období staroveku a ranom stredoveku.

Salvato in:
Dettagli Bibliografici
Autore principale: Baláži, Peter
Natura: Capitolo di libro
Lingua:slovacco
Soggetti:
Tags: Aggiungi Tag
Nessun Tag, puoi essere il primo ad aggiungerne!!

MARC

LEADER 00000nla a2200000 4500
001 0222928
005 20240502073640.1
041 0 |a slo 
044 |a SK 
245 1 0 |a Historiografia financií v jednotlivých spoločensko-ekonomických formáciách  |b (starovek a stredovek)  |c Peter Baláži 
520 |a Počiatky vývoja financií v počiatočných spoločensko – ekonomických formáciách najmä v období staroveku a ranom stredoveku. 
610 2 0 |a financie verejné 
610 2 0 |a história 
610 2 0 |a výdavky verejné 
610 2 0 |a výdavky štátne 
610 2 0 |a feudalizmus 
610 2 0 |a štát 
610 2 0 |a dane 
610 2 0 |a starovek 
610 2 0 |a stredovek 
100 1 |a Baláži, Peter